000 00282nam a22001337a 4500
008 190305b xxu||||| |||| 00| 0 eng d
020 _a781571100849
041 _aeng
080 _a 371
100 _a46
101 _aEDU
245 _aWhy Workshop?
_cBullock,R
942 _2udc
_cBK
999 _c54455
_d54455